000064170 001__ 64170 000064170 005__ 20250613114255.0 000064170 020__ $$a978-3-89336-776-4 000064170 0247_ $$2Laufende Nummer$$a31646 000064170 0247_ $$2ISSN$$a1866-1777 000064170 0247_ $$2URN$$aurn:nbn:de:hbz:82-opus-40616 000064170 0247_ $$2HSB$$a999910163706 000064170 0247_ $$2OPUS$$a4061 000064170 037__ $$aRWTH-CONV-125510 000064170 041__ $$aGerman 000064170 082__ $$a530 000064170 1001_ $$0P:(DE-82)101105$$aSanetra, Nils$$b0$$eAuthor 000064170 245__ $$aFlächenkontakte zu molekularen Schichten in der Bioelektronik$$cNils Sanetra$$honline, print 000064170 246_3 $$aArea contacts to molecular monolayers in bioelectronics$$yEnglish 000064170 260__ $$aAachen$$bForschungszentrum Jülich, Zentralbibliothek$$c2012 000064170 300__ $$aXIII, 129 S. : Ill., graph. Darst. 000064170 3367_ $$0PUB:(DE-HGF)11$$2PUB:(DE-HGF)$$aDissertation / PhD Thesis$$bphd$$mphd 000064170 3367_ $$02$$2EndNote$$aThesis 000064170 3367_ $$2DRIVER$$adoctoralThesis 000064170 3367_ $$2BibTeX$$aPHDTHESIS 000064170 3367_ $$2DataCite$$aOutput Types/Dissertation 000064170 3367_ $$2ORCID$$aDISSERTATION 000064170 3367_ $$0PUB:(DE-HGF)3$$2PUB:(DE-HGF)$$aBook$$mbook 000064170 4900_ $$aSchriften des Forschungszentrums Jülich : Reihe Information$$v19 000064170 500__ $$aZsfassung in dt. und engl. Sprache 000064170 502__ $$aZugl.: Aachen, Techn. Hochsch., Diss., 2011$$gFak01$$o2011-12-16 000064170 5203_ $$aIn dieser Arbeit wurde die technologische Realisierung von Flächenkontakten zu molekularen Schichten organischer und biologischer Moleküle untersucht. Dabei standen molekulare Brücken der Form Metall-Molekül-Metall im Vordergrund. Die Herausforderung liegt hier im Erhalt der Struktur in funktionalen Integrität der Molekülschicht während des Herstellungsprozesses der Brücke. Techniken aus dem Bereich der weichen Lithographie vermeiden extreme Prozessbedingungen und versprechen somit Kompatibilität zu biologischen Molekülen. Hier wurden zwei Ansätze zur Herstellung von molekularen Brücken in Verbindung mit weicher Lithographie evaluiert.$$lger 000064170 520__ $$aThe focus of this PhD thesis was the technological realization of area contacts to molecular monolayers. In particular, the assembly of Metal-Molecule-Metal junctions by means of soft lithography was investigated. The major challenge is the assembly of the top contact without destroying the molecular layer. Here two approaches were pursued to evaluate new routes of sandwiching biomolecular layers between two metal electrodes.$$leng 000064170 591__ $$aGermany 000064170 650_7 $$2SWD$$aMonoschicht 000064170 650_7 $$2SWD$$aNanoprägen 000064170 650_7 $$2SWD$$aKreuzschienenverteiler 000064170 650_7 $$2SWD$$aDrucken 000064170 650_7 $$2SWD$$aElektrochemie 000064170 653_7 $$aPhysik 000064170 653_7 $$2ger$$aTunnelstrom 000064170 653_7 $$2ger$$aCrossbar 000064170 653_7 $$2ger$$aTropfenelektrode 000064170 653_7 $$2ger$$aNanoimprint 000064170 653_7 $$2ger$$aLithographie 000064170 653_7 $$2eng$$atunneling current 000064170 653_7 $$2eng$$acrossbar 000064170 653_7 $$2eng$$adrop electrode 000064170 653_7 $$2eng$$ananoimprint 000064170 653_7 $$2eng$$alithography 000064170 7001_ $$0P:(DE-82)IDM04455$$aOffenhäusser, Andreas$$b1$$eThesis advisor 000064170 8564_ $$uhttps://publications.rwth-aachen.de/record/64170/files/4061.pdf 000064170 909CO $$ooai:publications.rwth-aachen.de:64170$$pdnbdelivery$$popenaire$$popen_access$$purn$$pdriver$$pVDB 000064170 915__ $$0StatID:(DE-HGF)0510$$2StatID$$aOpenAccess 000064170 9201_ $$0I:(DE-82)134210_20140620$$k134210$$lLehrstuhl für Experimentalphysik IV B (FZ Jülich)$$x0 000064170 9201_ $$0I:(DE-82)130000_20140620$$k130000$$lFachgruppe Physik$$x1 000064170 961__ $$c2014-03-20$$x2012-05-22$$z2012-02-20 000064170 970__ $$aHT017219597 000064170 9801_ $$aFullTexts 000064170 980__ $$aphd 000064170 980__ $$aI:(DE-82)134210_20140620 000064170 980__ $$aI:(DE-82)130000_20140620 000064170 980__ $$aVDB 000064170 980__ $$aUNRESTRICTED 000064170 980__ $$aConvertedRecord 000064170 980__ $$aFullTexts 000064170 980__ $$abook